| 000 | 00654nam a2200241Ia 4500 | ||
|---|---|---|---|
| 001 | dia_7260 | ||
| 003 | CHAP | ||
| 008 | 220117s1971 xx 000 0 und d | ||
| 010 | _a178557 | ||
| 040 | _cCHAP | ||
| 090 | _aF 613 1971 | ||
| 110 |
_aU.S. Department of Agriculture _9161735 |
||
| 245 | _aUnited States standards for grades of canned ripe olives | ||
| 250 | _a2a ed. corr. | ||
| 260 |
_aEstados Unidos de América : _b Department of Agriculture, _c1971 |
||
| 300 | _a11 p. | ||
| 901 | _aF 613 1971 | ||
| 902 | _aM | ||
| 905 | _a0000001971 -us 0000000000eng00 | ||
| 942 | _c12 | ||
| 942 | _c12 | ||
| 999 |
_c178557 _d178557 |
||